000 01138nam a2200301 i 4500
003 DO-SdBNP
005 20250403112918.0
007 ta
008 250403b2024 dr ||||| |||| 00| 0 spa d
020 _a9789945800302
040 _aDO-SdBNP
_bspa
_cBNPHU
_erda
041 _hspa
082 4 _axxx
_bxxx
_222
100 1 _a Rosa y Carpio, Ramón Benito de la,
_d1939-
_eautor
_4aut.
_974159
245 1 0 _aNuestra señora de la Altagracia :
_bestudio científico, iconográfico y teológico de la imagen /
_cRamón Benito de la Rosa y Carpio ; prólogo, José Chez Checo
264 4 _aSanto Domingo :
_bFundación Museo de la Altagracia Alejandro E. Grullón E.,
_c©2024.
300 _a239 páginas:
_bretratos ;
_c23 cm.
336 _atexto
_btxt
_2rdacontent
337 _asin mediación
_bn
_2rdamedia
338 _avolumen
_bnc
_2rdacarrier
500 _aIncluye datos biografícos del autor en las solapas
500 _aIncluye índice onomático
504 _aBibliografía : páginas 219-233
590 _aInventariado, 2025/BT
700 1 _aChez Checo, José,
_eprologuista
_4pr.
_980381
910 _aBtavárez
942 _2ddc
_cLBS1
999 _c58590
_d58590